000 00783nam a2200265 i 4500
001 bg
100 1 _aGRABARA, Janusz K.
245 1 0 _aElementy informatyki /
_cJanusz K. Grabara, Dorota Jelonek, Hanna Mazur.
260 _aCzęstochowa :
_bWydaw. PC,
_c1998.
300 _a155 s. :
_brys. ;
_c24 cm.
490 1 _aSkrypty Politechniki Częstochowskiej,
_x1234-9909 ;
_v32
504 _aBibliogr. s. 155.
650 9 _aInformatyka
655 _aPodręczniki akademickie
700 1 _aJELONEK, Dorota
700 1 _aMAZUR, Hanna
830 _aSkrypty Politechniki Częstochowskiej,
_x1234-9909 ;
020 _a8371930402
040 _cBPK
041 0 _apl
080 _a004(075.8)
920 _a83-7193-040-2
942 _cKS
008 s pl f |000 0 pol
999 _c37823
_d37823
856 _uhttp://koha.tu.koszalin.pl/cgi-bin/koha/opac-detail.pl?biblionumber=37823
_yKatalog online BPK